000 00508nam a2200169 i 4500
001 84213
003 ES-MaACL
005 20230906174954.0
007 t|
008 041122s1904 fr ||||1| fre d
100 1 _aJeandroy, Alfred.
_966241
245 1 4 _aLes origines de la poésie lyrique en France au Moyen Age /
_cAlfred Jeandroy.
250 _a2ª ed. avec aditions.
260 _aParis :
_b[s.n.,
_c1904] (
_eToulouse :
_fE. Privat)
300 _aXXXII, 536 p. ;
_c25 cm.
852 _aES-MaACL
_jF-9374
999 _c84213
_d84213